[Event "BCF-chT3N 1819 (4NCL)"]
[Site "England"]
[Date "2019.05.04"]
[Round "9.45"]
[White "Andrews, Norman G"]
[Black "Tait, Bill"]
[Result "0-1"]
[WhiteElo "1609"]
[BlackElo "1691"]
[PlyCount "77"]
[EventDate "2018.11.10"]
[EventType "team-swiss"]
[EventRounds "11"]
[EventCountry "ENG"]
[SourceTitle "EXT 2021"]
[Source "ChessBase"]
[SourceDate "2020.10.23"]
[SourceVersion "1"]
[SourceVersionDate "2020.10.23"]
[SourceQuality "1"]
[WhiteTeam "Jorvik"]
[BlackTeam "Bradford DCA Knights II"]
[WhiteTeamCountry "ENG"]
[BlackTeamCountry "ENG"]

1. e4 c6 2. Nc3 d5 3. exd5 cxd5 4. d4 Bf5 5. Nf3 Nc6 6. Bb5 a6 7. Ba4 b5 8. Bb3 e6 9. 0-0 Nf6 10. a4 b4 11. Ne2 Be7 12. Nf4 h6 13. Nd3 0-0 14. Nde5 Qc7 15. Bf4 Bd6 16. Qe1 Rfc8 17. Rc1 Ne4 18. Bg3 Na5 19. Nd2 Nxb3 20. Nxb3 Nxg3 21. hxg3 Bxe5 22. dxe5 Qb6 23. Qe2 Rc4 24. Rfd1 Re4 25. Qd2 Rxe5 26. Nd4 Rc8 27. Kf1 Bg6 28. Re1 Rxe1+ 29. Kxe1 Rc4 30. Nf3 Qc7 31. Kd1 Bh5 32. b3 Rc3 33. Qe2 a5 34. Kd2 d4 35. Qe4 d3 36. Ne1 Bg6 37. Qd4 dxc2 38. f4 Rxb3 39. Nxc2 0-1